LDR 00835naa#a2200157#i#450# 001 EN\\bibl\124813 005 20260604130848.4 100 ## _a20260531b2026####ek#y0engy0150####ca 102 ## _aRU 200 1# _aCURRENT ISSUES OF THE USE OF HIGH-TECH TOOLS IN PROBATIONARY RELATIONS: DIGITAL TRANSFORMATION OF RESOCIALIZATION _eJournal article 210 1# _aMoscow _cNational Research University of Electronic Technology _d2026 215 ## _a0 с. 608 ## _aJournal article _2local 675 ## _aОпекунский надзор за отбывшими наказание. 343.848 _aПатронаж. Общественный, коллективный надзор. Последующее воспитание. 343.848.3 _aФальсификация в судопроизводстве. 343.364 _z 700 #1 _aTeplyashin _gPavel Vladimirovich 856 4# _ahtlaw.ru _u